000 00605nam a2200193Ia 4500
005 20250508164918.0
008 008 250505s9999 xx 000 0 hin d
037 _aDissertations
040 _aFEDL
_beng
_cFEDL
041 _ahin
_2eng
084 _a375.491 43, ANU/DI
_qFEDL
100 _aAnuragi Rajni Bala
_9565560
245 0 _aMadhyamik ster per vyakaranik uddeshon ki drishti se hindi-pathyepustakon ka mulyankan
260 _c1999
300 _a129p.
546 _aM.Ed. Dissertation (Delhi University)
942 _cDIS
_h375.491 43, ANU/DI
999 _c1391970
_d1391970